Understanding contract law (Record no. 111430)
[ view plain ]
| 000 -LEADER | |
|---|---|
| fixed length control field | 01287cad a22002415a 4500 |
| 001 - CONTROL NUMBER | |
| control field | L151539 |
| 008 - FIXED-LENGTH DATA ELEMENTS--GENERAL INFORMATION | |
| fixed length control field | 070720s2009 xxk f 001 0 eng d |
| 020 ## - INTERNATIONAL STANDARD BOOK NUMBER | |
| International Standard Book Number | 9780203864234 |
| 035 ## - SYSTEM CONTROL NUMBER | |
| System control number | (Sirsi) u151539 |
| 041 0# - LANGUAGE CODE | |
| Language code of text/sound track or separate title | eng |
| 050 04 - LIBRARY OF CONGRESS CALL NUMBER | |
| Classification number | 346.4102 $2 18 |
| 100 1# - MAIN ENTRY--PERSONAL NAME | |
| Personal name | Young, Max |
| 245 00 - TITLE STATEMENT | |
| Title | Understanding contract law |
| Medium | [electronic resource] |
| 260 ## - PUBLICATION, DISTRIBUTION, ETC. | |
| Name of publisher, distributor, etc. | Routledge |
| Date of publication, distribution, etc. | 2009 |
| 505 1# - FORMATTED CONTENTS NOTE | |
| Formatted contents note | Introduction -- Agreement and offer -- Acceptance -- Certainty -- Consideration -- Intention to create legal relations -- Variation of contracts -- Privity -- Terms of the contract -- Exemption clauses ? the common law - Unfair Contract Terms Act 1977 -- Misrepresentation -- Remedies for breach of contract. |
| 520 ## - SUMMARY, ETC. | |
| Summary, etc. | Offers an introduction to the basic concepts of contract law in England. Built around familiar real-world examples that illustrate the concepts, principles and key cases upon which English contract law is structured, this guide is suitable for those approaching an undergraduate law degree, or for general readers interested in this area of the law. |
| 590 ## - LOCAL NOTE (RLIN) | |
| Local note | KA |
| 650 24 - SUBJECT ADDED ENTRY--TOPICAL TERM | |
| Topical term or geographic name entry element | EBOOK |
| 651 #4 - SUBJECT ADDED ENTRY--GEOGRAPHIC NAME | |
| Geographic name | United Kingdom |
| Chronological subdivision | |
| 690 ## - LOCAL SUBJECT ADDED ENTRY--TOPICAL TERM (OCLC, RLIN) | |
| Topical term or geographic name as entry element | MANAGEMENT |
| 856 48 - ELECTRONIC LOCATION AND ACCESS | |
| Uniform Resource Identifier | <a href="https://www.vlebooks.com/">https://www.vlebooks.com/</a> |
| Public note | View on VLEbooks. Logins for members only from [email protected] |
| 942 ## - ADDED ENTRY ELEMENTS (KOHA) | |
| Suppress in OPAC | 0 |
| Withdrawn status | Lost status | Source of classification or shelving scheme | Damaged status | Not for loan | Home library | Current library | Shelving location | Date acquired | Total Checkouts | Full call number | Barcode | Date last seen | Copy number | Price effective from | Koha item type |
|---|---|---|---|---|---|---|---|---|---|---|---|---|---|---|---|
| Dewey Decimal Classification | Virtual | Virtual | Online | 16/11/2010 | EBOOK | 151539-2001 | 06/08/2019 | 1 | 06/08/2019 | Book |